Music Quiz

Random Music or Song Quiz

2010 Hit Songs by Antonym Quiz Stats

 Plays Quiz not verified by Sporcle

Support Sporcle.
Go Orange.
Score 0/40 Timer 10:00
0 Plays Today
Antonym Song Title % Correct
YoursMine
89.5%
UpDown
88.7%
SoftHard
87%
New York BoyzCalifornia Gurls
85.4%
Polite GirlRude Boy
83.4%
Put It OnTake It Off
82.2%
FrownSmile
80.2%
PossibleImpossible
79.8%
UnderOver
79.4%
Your Last HugMy First Kiss
79.4%
Hate How I Tell the TruthLove the Way You Lie
78.5%
Detention at A.S.U.Party in the U.S.A.
77.7%
Tops DownBottoms Up
77.3%
Hater, HaterLover, Lover
76.1%
CarsAirplanes
73.7%
Yadda Yadda YaddaBlah Blah Blah
69.2%
Every Boy (Out in Space)Only Girl (In the World)
67.6%
IcelandsFireflies
64%
Sour RealitiesSweet Dreams
63.2%
JournalistsPaparazzi
60.7%
Antonym Song Title % Correct
Bouncer Has Them Breaking UpDJ Got Us Fallin In Love
59.5%
PlantAnimal
59.1%
Ugly DudeSexy Chick
55.5%
ArtificiallyNaturally
53.8%
Yesterday Was a TragedyToday Was a Fairytale
52.2%
PauperBillionaire
51.4%
Queen of NothingKing of Anything
51.4%
Die Like They’re LivingLive Like We’re Dying
49%
Your Bro GoodMy Chick Bad
44.9%
I Can’t ForgetDo You Remember
44.5%
Old TemporarilyYoung Forever
43.3%
The Common StandardThe Only Exception
43.3%
EuphoriaMisery
42.9%
Ask OohSay Aah
38.5%
ScienceMagic
31.6%
Sand This SoulRock That Body
30%
Ask NothingSay Something
29.1%
Here Come Your ParentsThere Goes My Baby
27.1%
Drop InCarry Out
23.9%
SinglesDeuces
21.9%

You're not logged in!

Compare scores with friends on all Sporcle quizzes.
OR
Log In

From the Vault

UK Pub Quiz: Let's Have Another Round

by SporcleEXP

There's always time for additional rounds ad infinitum.
Remove Ads.
Support Sporcle.
Get the best of Sporcle when you Go Orange. This ad-free experience offers more features, more stats, and more fun while also helping to support Sporcle. Thank you for becoming a member.

Show Comments

Extras

Top Quizzes Today


Score Distribution

Your Account Isn't Verified!

In order to create a playlist on Sporcle, you need to verify the email address you used during registration. Go to your Sporcle Settings to finish the process.

Report this User

Report this user for behavior that violates our Community Guidelines.

Details: